| 000 | 00614nam a2200205 i 4500 | ||
|---|---|---|---|
| 001 | 8316 | ||
| 003 | KOSZ 005 | ||
| 005 | 20220715093224.0 | ||
| 008 | 950505s fr g d |000 0 fre | ||
| 040 |
_cKOSZ 005 _aKOSZ 005 _dKOSZ 005/HR |
||
| 080 | _a811.133.1'374 | ||
| 245 | 0 | _aLarousse Pour Tous. | |
| 260 |
_aParis : _bLibrairie Larousse, _c1957. |
||
| 380 | _aKsiążki | ||
| 655 | 4 | _aSłowniki francuskie. | |
| 658 | _aJęzykoznawstwo | ||
| 650 | 4 | _aJęzyk francuski | |
| 856 |
_uhttp://koha.tu.koszalin.pl/cgi-bin/koha/opac-detail.pl?biblionumber=8316 _yKatalog online BPK |
||
| 942 |
_cKS _2UKD |
||
| 999 |
_c8316 _d8316 |
||